01705nam a2200385 a 4500001001200000003000800012006001900020007001500039008004100054010001700095020003100112020002700143040002100170035002100191043001200212050002800224082002400252100002500276245016900301260004300470300002500513504004100538505017400579533015200753650004600905650004000951650005200991650005401043655002901097700001701126710001601143710001701159856012601176999001701302ebr10580579CaPaEBRm u cr cn|||||||||120517s2012 dcua sb 000 0 eng d z 2012020118 z9780821396070 (alk. paper) z9780821396087 (e-book) aCaPaEBRcCaPaEBR a(OCoLC)808344435 ad------14aHD9502.D442bK85 2012eb04a333.792/30917242231 aKulichenko, Natalia.10aConcentrating solar power in developing countriesh[electronic resource] :bregulatory and financial incentives for scaling up /cNatalia Kulichenko and Jens Wirth. aWashington, D.C. :bWorld Bank,c2012. axxii, 153 p. :bill. aIncludes bibliographical references.0 apt. 1. Introduction and technology brief -- pt. 2. Financial and regulatory schemes : the current situation -- pt. 3. Financing CST : how to bring technology costs down. aElectronic reproduction.bPalo Alto, Calif. :cebrary,d2011.nAvailable via World Wide Web.nAccess may be limited to ebrary affiliated libraries. 0aEnergy developmentzDeveloping countries. 0aSolar energyzDeveloping countries. 0aRenewable energy sourceszDeveloping countries. 0aEnergy industrieszDeveloping countriesxFinance. 7aElectronic books.2local1 aWirth, Jens.2 aWorld Bank.2 aebrary, Inc.40uhttp://site.ebrary.com/lib/rucke/Doc?id=10580579zAn electronic book accessible through the World Wide Web; click to view c84814d84814